000 00460nam a2200181Ia 4500
008 240925s9999 xx 000 0 und d
020 _a9788184313666
082 _a621.31921BAK
100 _aBakshi, U. A
245 0 _aNetworks & Lines
250 _aNA
260 _aPune:
_bTechnical Publications
_c,2005.
300 _avii,646p.
_bN.A
_fOriginal
500 _aIncludes Index
600 _aElectronic Engineering
650 _aTechnology
942 _cBK
999 _c10630
_d10630